| 000 | 01524nam a2200385Ia 4500 | ||
|---|---|---|---|
| 001 | ebr10670433 | ||
| 003 | CaPaEBR | ||
| 006 | m u | ||
| 007 | cr cn||||||||| | ||
| 008 | 791026s1980 ctua sb 001 0 eng d | ||
| 010 | _z 79024162 | ||
| 020 | _z0300024770 | ||
| 020 | _z0300027605 (pbk.) | ||
| 020 | _z9780300024777 | ||
| 020 | _z9780300027600 (pbk.) | ||
| 020 | _z9780300186680 | ||
| 040 |
_aCaPaEBR _cCaPaEBR |
||
| 035 | _a(OCoLC)47011630 | ||
| 050 | 1 | 4 |
_aBR270 _b.O96 1980eb |
| 082 | 0 | 4 |
_a274 _223 |
| 100 | 1 | _aOzment, Steven E. | |
| 245 | 1 | 4 |
_aThe age of reform (1250-1550) _h[electronic resource] : _ban intellectual and religious history of late medieval and Reformation Europe / _cSteven Ozment. |
| 260 |
_aNew Haven : _bYale University Press, _c1980. |
||
| 300 |
_axii, 458 p. : _bill. |
||
| 504 | _aIncludes bibliographical references and index. | ||
| 533 |
_aElectronic reproduction. _bPalo Alto, Calif. : _cebrary, _d2013. _nAvailable via World Wide Web. _nAccess may be limited to ebrary affiliated libraries. |
||
| 650 | 0 |
_aChurch history _yMiddle Ages, 600-1500. |
|
| 650 | 0 | _aReformation. | |
| 650 | 0 |
_aTheology, Doctrinal _xHistory _yMiddle Ages, 600-1500. |
|
| 650 | 0 |
_aTheology, Doctrinal _xHistory _y16th century. |
|
| 650 | 0 |
_aReligious thought _yMiddle Ages, 600-1500. |
|
| 655 | 7 |
_aElectronic books. _2local |
|
| 710 | 2 | _aebrary, Inc. | |
| 856 | 4 | 0 |
_uhttp://site.ebrary.com/lib/rucke/Doc?id=10670433 _zAn electronic book accessible through the World Wide Web; click to view |
| 999 |
_c62195 _d62195 |
||